000 00709nam a2200241Ia 4500
003 OSt
005 20220918185114.0
006 a|||||r|||| 00| 0
007 ta
008 220917b |||||||| |||| 00| 0 eng d
024 _a49,575
037 _cTextual
040 _aARTS
_cARTS
_beng
041 _2eng
_aeng
082 _aP:7, L7-;1
100 _aRicoeur Paul
_929476
245 0 _aRule of metaphor
_b multi-disciplinary studies of the creation of meaning in lanugage , tr by Robert Czerny etc
260 _aLondon
_bRoutledge and Kegan Paul
_c1977
500 _aAppendix 315-22p
650 _aLINGUISTICS
942 _hP:7, L7-;1
_cTEXL
_2CC
999 _c179197
_d179197